000 00670nam a2200277Ia 4500
001 Z_4851
003 CHAP
008 220113s2=00 xx 000 0 und d
010 _a167905
040 _cCHAP
090 _aFolleto 639
100 0 _aLesur, Luis
_966363
245 _aManual de apicultura : una guía paso a paso /
_cpor Luis Lesur
260 _aMéxico, D.F. :
_bTrillas,
_c2002
300 _a80 h. ; ilus.
440 _aCómo hacer bien y fácilmente
_927736
500 _a
503 _aC/E
650 _aApicultura I. t.
_9139146
901 _aFolleto 639
902 _aA
910 _a2=00
942 _cc14
942 _cc14
999 _c167905
_d167905